000 00965nam a22003251 4500
999 _c8561
_d8561
001 8561
003 BD - JhCC
005 20180925175212.0
008 711124s1965 txu b 000 0 eng
035 _a(BD - JhCC)8561
035 _a(OCoLC)00176978
035 _aGLIS00460816
040 _aDLC
_cDLC
_dRCD
_dBD - JhCC
041 _aeng
050 0 _aE743
_b.H3
082 _bHAV 1955
_a323.20973
090 _aE743
_b.H386
099 _aE743.H386
100 1 _aHavens, Murray Clark.
245 1 4 _aThe challenges to democracy;
_bconsensus and extremism in American politics.
260 _aAustin,
_bUniversity of Texas Press
_c[1965]
300 _axi, 119 p.
_c21 cm.
504 _aBibliography: p. 99-106.
650 0 _aRight and left (Political science)
650 0 _aDemocracy.
651 0 _aUnited States
_xPolitics and government
_y1945-1989.
942 _2ddc
_cBK
949 _aMYGD
_b39080004587108